Le « biais de présence », ou comment les lacunes composent les origines (notice n° 1669535)

détails MARC
000 -LEADER
fixed length control field 01528cam a2200217 4500500
005 - DATE AND TIME OF LATEST TRANSACTION
control field 20260222005126.0
041 ## - LANGUAGE CODE
Language code of text/sound track or separate title fre
042 ## - AUTHENTICATION CODE
Authentication code dc
100 10 - MAIN ENTRY--PERSONAL NAME
Personal name De Vergnette, Pauline
Relator term author
245 00 - TITLE STATEMENT
Title Le « biais de présence », ou comment les lacunes composent les origines
260 ## - PUBLICATION, DISTRIBUTION, ETC.
Date of publication, distribution, etc. 2026.<br/>
500 ## - GENERAL NOTE
General note 83
520 ## - SUMMARY, ETC.
Summary, etc. Pourquoi croyons-nous que ce qui nous est parvenu du passé est forcément essentiel ? L’Histoire, en réalité, est pleine de contingences et de silences. Ce texte propose de réfléchir à ce « biais de présence » qui transforme ce qui a survécu en nécessité, en vérité incontournable. En s’appuyant sur Monique Wittig, Paul Ricoeur ou encore Tal Piterbraut-Merx, l’autrice nous invite à prendre au sérieux les absences, les fictions et les utopies comme outils critiques pour repenser notre rapport à l’Histoire officielle et faire droit aux autres possibles que cette dernière a occultés. Repenser l’Histoire, les régimes d’historicité et les temporalités, c’est aussi répondre à l’ambition centrale des Temps qui restent : rouvrir le champ des récits et des horizons depuis l’intérieur de la modernité elle-même.
690 ## - LOCAL SUBJECT ADDED ENTRY--TOPICAL TERM (OCLC, RLIN)
Topical term or geographic name as entry element Déconstruction
690 ## - LOCAL SUBJECT ADDED ENTRY--TOPICAL TERM (OCLC, RLIN)
Topical term or geographic name as entry element Écriture
690 ## - LOCAL SUBJECT ADDED ENTRY--TOPICAL TERM (OCLC, RLIN)
Topical term or geographic name as entry element Études
690 ## - LOCAL SUBJECT ADDED ENTRY--TOPICAL TERM (OCLC, RLIN)
Topical term or geographic name as entry element Féminismes
690 ## - LOCAL SUBJECT ADDED ENTRY--TOPICAL TERM (OCLC, RLIN)
Topical term or geographic name as entry element Littérature
786 0# - DATA SOURCE ENTRY
Note Les Temps qui restent | 6 | 2 | 2026-02-02 | p. 240-256 | 3038-0464
856 41 - ELECTRONIC LOCATION AND ACCESS
Uniform Resource Identifier <a href="https://shs.cairn.info/revue-les-temps-qui-restent-2025-2-page-240?lang=fr&redirect-ssocas=7080">https://shs.cairn.info/revue-les-temps-qui-restent-2025-2-page-240?lang=fr&redirect-ssocas=7080</a>

Pas d'exemplaire disponible.

PLUDOC

PLUDOC est la plateforme unique et centralisée de gestion des bibliothèques physiques et numériques de Guinée administré par le CEDUST. Elle est la plus grande base de données de ressources documentaires pour les Étudiants, Enseignants chercheurs et Chercheurs de Guinée.

Adresse

627 919 101/664 919 101

25 boulevard du commerce
Kaloum, Conakry, Guinée

Réseaux sociaux

Powered by Netsen Group @ 2025